Lucro sucio : (Registro nro. 11272)

Detalles MARC
000 -LIDER
fixed length control field 00983nam a22003257a 4500
001 - NÚMERO DE CONTROL
Identificador de número de control 000458
003 - IDENTIFICACDOR DE NÚMERO DE CONTROL
control field DO-SdBNP
005 - DATE AND TIME OF LATEST TRANSACTION
control field 20171109095701.0
007 - CAMPOS FIJOS DE DESCRIPCIÓN FÍSICA
fixed length control field 000458
008 - ELEMENTOS DE LONGITUD FIJA
fixed length control field 160901b 2007 sp ||||| |||| 00| 0 spa d
020 ## - ISBN
International Standard Book Number 9788430607624
028 ## - NÚMERO DE EDITOR MUSICAL
Publisher number 9788430607624
040 ## - FUENTE DE CATALOGACIÓN
Agencia que crea de manera original el registro BPMSU
Idioma de catalogación spa
Agencia que realiza la transcripción BPMSU
082 ## - NÚMERO DE CLASIFICACIÓN DECIMAL DE DEWEY
Classification number 330.1
Item number H437L
100 1# - ASIENTO PRINCIPAL -- NOMBRE PERSONAL
Nombre personal Heath, Joseph
245 10 - MENCIÓN DE TITULO
Título Lucro sucio :
Subtítulo economía para los que odian el capitalismo /
Mención de responsabilidad Joseph Heath ; traducción de Estrella Trincado.
260 ## - PUBLICACIÓN, DISTRIBUCIÓN, ETC. (PIE DE IMPRENTA)
Lugar de publicación, distribución, etc Madrid :
Nombre del editor, distribuidor, etc. Taurus,
Fecha de publicación, distribución, etc 2009.
300 ## - DESCRIPCIÓN FÍSICA
Extensión 357 p. :
Otros detalles físicos il. ;
Dimensiones 24 cm.
490 1# - MENCIÓN DE SERIES
Mención de serie Pensamiento
500 ## - NOTA GENERAL
Nota general Incluye índice
650 #4 - ENCABEZAMIENTO DE MATERIA--TEMÁTICO
Término temático o nombre geográfico como elemento de entrada ECONOMÍA
Subdivisión temática general ASPECTOS POLÍTICOS
650 #4 - ENCABEZAMIENTO DE MATERIA--TEMÁTICO
Término temático o nombre geográfico como elemento de entrada ECONOMÍA
Subdivisión temática general FILOSOFÍA
650 #4 - ENCABEZAMIENTO DE MATERIA--TEMÁTICO
Término temático o nombre geográfico como elemento de entrada ECONOMÍA POLÍTICA
700 12 - ASIENTO SECUNDARIO -- NOMBRE PERSONAL
Nombre personal Trincado, Estrella,
Mención de responsabilidad tr.
830 #0 - ASIENTO SECUNDARIO DE SERIE--TÍTULO UNIFORME
Título uniforme Pensamiento
910 ## - VALIDACIÓN
Validación Validado. Control de calidad MFF
942 ## - ADDED ENTRY ELEMENTS (KOHA)
Source of classification or shelving scheme Dewey Decimal Classification
Koha item type Libros
945 ## - INFORMACIÓN DE PROCESAMIENTO LOCAL
Información de procesamiento local Inventariado, 2017/MFF
956 ## - LOCAL ELECTRONIC LOCATION AND ACCESS (OCLC)
Método de acceso LOPEREZ
Materiales especificados 10
Enlace 20160901
Campo enlazado y núm. de secuencia BPMSU
Nombre de host 00041
Existencias
Withdrawn status Lost status Source of classification or shelving scheme Damaged status Not for loan Collection code Home library Current library Date acquired Source of acquisition Total Checkouts Full call number Barcode Date last seen Price effective from Koha item type Copy number
    Dewey Decimal Classification     Colección General Biblioteca Pública Metropolitana Salomé Ureña Biblioteca Pública Metropolitana Salomé Ureña 09/01/2016 Alfaguara   330.1 H437L BPMSU16090019 09/01/2016 09/01/2016 Libros  
    Dewey Decimal Classification     Colección General Biblioteca Pública Metropolitana Salomé Ureña Biblioteca Pública Metropolitana Salomé Ureña 09/01/2016 Alfaguara   330.1 H437L BPMSU16090020 09/01/2016 09/01/2016 Libros e.2
    Dewey Decimal Classification     Colección General Biblioteca Pública Metropolitana Salomé Ureña Biblioteca Pública Metropolitana Salomé Ureña 09/01/2016 Alfaguara   330.1 H437L BPMSU16090021 09/01/2016 09/01/2016 Libros e.3